Proyecto experimental rehabilitación del Mesón El Progreso: estudio monográfico /

Da a conocer una experiencia concreta en relación con un proyecto de rehabilitación de la vivienda en El Salvador. Informa sobre los resultados y perspectivas del proyecto de mejoramiento referido al submercado de los "Mesones", generalmente ubicados en las áreas centrales de las principal...

Ausführliche Beschreibung

Gespeichert in:
Bibliographische Detailangaben
1. Verfasser: Herrera Moran, Aida
Körperschaft: Fundación Salvadoreña de Desarrollo y Vivienda Mínima
Weitere Verfasser: Altschul, Francisco
Format: Text
Veröffentlicht: San Salvador: FUNDASAL
Schlagworte:
Tags: Tag hinzufügen
Keine Tags, Fügen Sie den ersten Tag hinzu!

MARC

LEADER 00000 a a2200000 04500
001 20221
003
040
090 |a 083600  
100 |a Herrera Moran, Aida  
110 |a Fundación Salvadoreña de Desarrollo y Vivienda Mínima  
245 |a Proyecto experimental rehabilitación del Mesón El Progreso: estudio monográfico /  |c Aida Herrera Moran 
260 |a San Salvador:   |b FUNDASAL  
300 |a 82 p.  
520 |a Da a conocer una experiencia concreta en relación con un proyecto de rehabilitación de la vivienda en El Salvador. Informa sobre los resultados y perspectivas del proyecto de mejoramiento referido al submercado de los "Mesones", generalmente ubicados en las áreas centrales de las principales áreas del país define el mesón como un conjunto de habitaciones unifamiliares alquiladas agrupadas alrededor de un espacio común y compartiendo servicios comunes. Propone el esquema para abordar la rehabilitación de los mesones, expone las experiencias derivadas del proyecto piloto que se ejecutó, enmarcadas dentro del contexto más general de la vivienda en el país./ACM  
650 |a EL SALVADOR  
650 |a VIVIENDA  
650 |a VIVIENDA COLECTIVA  
650 |a NECESIDADES DE VIVIENDA  
650 |a PROYECTOS EXPERIMENTALES  
700 |a Altschul, Francisco  
999 |c 13148  |d 13148